| 000 | 01284nam a2200253Ia 4500 | ||
|---|---|---|---|
| 999 |
_c44997 _d44997 |
||
| 001 | 11818 | ||
| 003 | GE_BSU | ||
| 005 | 20240619155741.0 | ||
| 008 | 181216s2014||||ge |||||||||||||| ||geo|| | ||
| 020 | _a9789994021253 | ||
| 040 | _cGE_BSU | ||
| 041 | _ageo | ||
| 080 | _a371.12(479.223)(092) ა-96 | ||
| 100 |
_aახალაძე, ნანა _93028 |
||
| 245 |
_aარ დაეკარგვის ამაგი : II ნაწ. : _b[ბიოგრაფიული მონაცემები] / _cნანა ახალაძე ; რედ. აკაკი ზოსიძე ; საქ. ი. გოგებაშვილის პედაგოგთა კავშირი. |
||
| 264 |
_aბათუმი : _bაჭარა, _c2014. |
||
| 300 |
_a519 გვ. ; _c20 სმ. _eფოტოები. |
||
| 504 | _aბიბლიოგრ. : გვ. 516 | ||
| 653 | _aარ დაეკარგვის ამაგი : IIნაწ. | ||
| 653 | _a[ბიოგრაფიული მონაცემები] | ||
| 700 |
_aზოიძე, აკაკი _eრედაქტორი _92060 |
||
| 710 |
_aსაქ. ი. გოგებაშვილის პედაგოგთა კავშირი _922500 |
||
| 942 |
_cBK _2udc |
||